000
00297nam a2200121Ia 4500
999
_c
14311
_d
14311
008
260210s9999 xx 000 0 und d
020
_a
9781682866849
082
_a
624.1762
100
_a
Peters
245
0
_a
Earthquake Engineering: Modeling and Analysis
260
_b
Syrawood
942
_c
UG
_2
ddc